01041 2200361 4500001002100000005001500021007000300036008004100039020002200080035002000102040001800122041000800140082001200148084001800160090001800178100003000196245011100226250001200337264003400349300003600383336002100419337003000440338002300470500000600493504000600499650001800505700003900523700004100562850001000603990002200613990002200635990002200657INLIS00000000000711720260603015818ta260603 1  a978-979-063-842-6 a0010-0822000091 aSBPUPAD b ind07aind a808.301 a808.301 ARF p a808.301 ARF p0 aArfan AlfayyadePengarang1 aPanda :bSi Gendut yang Lucu dan Imut /cArfan Alfayyad ; Editor,Suryaning Wulan; Ilustrator,Arrahmanrendi a.-cet.1 a.--Jakarta; :bBestari,c2022 a24 hlm :bilus. ;c24 x 20,5 cm 2rdacontentateks 2rdamediaatanpa perantara 2rdacarrieravolume a- a- 4aCerita pendek0 aEditor, Suryaning WulanePengarang0 aIlustrator, ArrahmanrendiePengarang aPUPAD a36.555/B/DPK/2022 a36.556/B/DPK/2022 a36.557/B/DPK/2022